000 01120nam a2200277Ia 4500
003 OSt
005 20200813184534.0
008 191128s2016 ck frl f000 0 spa d
020 _a9789585921108
040 _aCO-JMCR
_cCO-JMCR
041 0 _aspa
082 0 4 _a344.3 /
_bC718e
_223
110 1 _aColombia
_98040
240 1 0 _aEstatuto tributario
245 1 0 _aEstatuto tributario Pwc 2016 /
_cconsultor líder, Miguel Ángel Fandiño Zuluaga ; colaborador, Alejandro Chaves Villada
250 _aPrimera edición
260 _aBogotá :
_bPrice Waterhouse Coopers Servicios Legales y Tributarios,
_c2016
300 _acxvii, 874 páginas ;
_c26 cm.
520 3 _aMas de 700 notas que facilitan la interpretación de las normas. Incluye decretos reglamentarios y leyes complementarias. Miles de concordancias normativas
650 1 4 _aDerecho fiscal
_zColombia
_98409
650 1 4 _aImpuestos
_zColombia
_98408
650 1 4 _aHacienda pública
_zColombia
_96814
700 1 _aFandiño Zuluaga, Miguel Ángel,
_econsultor líder
_98750
700 1 _aChaves Villada, Alejandro,
_ecolaborador
_98751
942 _2ddc
_cBK
999 _c4647
_d4647